000 00871nam a2200253Ia 4500
001 dia_213
003 CHAP
005 20221207135636.0
008 220117s1982 xx 000 0 und d
010 _a170642
040 _cCHAP
082 _a332.71 F67 V.6
110 _aFondo de Garantia y Fomento para la Agricultura, Ganaderia y Avicultura. México.
_942107
245 _aManual para la Operacion de Cultivos con Recursos Fira /
_c por F.G. y F.A.G.A.
260 _aMéxico :
_b F.G.y F.A. G.A.,
_c1982
300 _a1 v. (en varias paginaciones)
500 _aLa biblioteca tiene v.6. Evaluacion de proyectos agroindustriales
503 _aFotocopia
650 _aProyectos Agroindustriales
_xMéxico
_9147578
901 _a332.71 F67 V.6
902 _aM
905 _a0000001982 mx X 0000000000spa00
942 _cLIBRO
_2ddc
999 _c170642
_d170642